000 00913nam a2200229 4500
008 170617b xxu||||| |||| 00| 0 eng d
020 _a0-534-53496-1 (alk. paper)
082 _21999
_aDC 364.6
_bC19c
100 _921007
_aCarlson, Norman A., 1933-
245 _aCorrections in the 21st century :
_ba practical approach /
_cNorman A. Carlson, Karen M. Hess, Christine M.H. Orthmann
250 _a1st ed.
260 _aBelmont, CA :
_bWest/Wadsworth,
_cc1999.
300 _axxii, 602 pages :
_billustrations ;
_c25 cm
500 _aIncludes bibliographical references and indexes.
650 0 _921008
_aCorrections -- United States
650 0 _921009
_aPunishment -- United States
650 0 _921010
_aCriminals -- Rehabilitation -- United States
650 0 _921011
_aPrisons -- United States
700 _921012
_aHess, Kären M., 1939-
700 _921013
_aOrthmann, Christine M. H
942 _2ddc
_cDC
999 _c6941
_d6941